Biología y conservación de los crocodylia de Colombia (Registro nro. 8104)

Detalles MARC
000 -CABECERA
Campo de control 01651nam a22003257a 4500
005 - FECHA Y HORA DE LA ULTIMA TRANSACCION
Campo de control 20170923020002.0
008 - ELEMENTOS DE LONGITUD FIJA—INFORMACION GENERAL
Campo de control 140129b2013 ck ||||| |||| 00| 0 spa d
020 ## - ISBN
ISBN 9789588343877
041 ## - IDIOMA
Código de idioma para texto/pista de sonido o título separado Español
044 ## - PAÍS DE PUBLICACIÓN
País de publicación Colombia
082 04 - NUMERO DE CLASIFICACION DECIMAL DEWEY
Número de clasificación 597.98
Número del ítem M82b
245 00 - MENCION DE TITULO
Título Biología y conservación de los crocodylia de Colombia
Mención de responsabilidad editado por Mónica Morales-Betancourt ...[et al.]
260 ## - PUBLICACION, DISTRIBUCION, ETC. (PIE DE IMPRENTA)
Lugar de publicación, distribución, etc. Bogotá
Nombre del editor, distribuidor, etc. Instituto de Investigación de Recursos Biológicos Alexander von Humboldt
Fecha de publicación, distribución, etc. 2013
300 ## - DESCRIPCION FISICA
Extensión 336 p.
Otros detalles físicos il. (col), tablas, mapas
Dimensiones 24 cm.
490 0# - MENCION DE SERIE
Mención de serie Serie Recursos Hidrobiológicos y Pesqueros Continentales de Colombia
Designación numérica/secuencial del volumen 7
504 ## - NOTA DE BIBLIOGRAFIA, ETC.
Nota de bibliografía Incluye referencias bibliográficas e índice
520 ## - NOTA DE RESUMEN, ETC.
Nota de resumen El libro surge como una necesidad de contar con un punto de partida, que permita dar lineamientos a los trabajos futuros dirigidos a la conservación de los crocodílios de Colombia, Para ello se investigó sobre el estado de conocimiento de los aspectos biológicos y el estado de conservación de las especie, así como se diagnosticaron las amenazas sobre las poblaciones.
650 04 - ASIENTO SECUNDARIO DE MATERIA - TERMINO TEMATICO
Término temático o nombre geográfico como elemento de entrada cCocodrilos
Subdivisión geográfica Colombia
650 04 - ASIENTO SECUNDARIO DE MATERIA - TERMINO TEMATICO
Término temático o nombre geográfico como elemento de entrada cocodrilos
Subdivisión general clasificación
Subdivisión geográfica Colombia
650 04 - ASIENTO SECUNDARIO DE MATERIA - TERMINO TEMATICO
Término temático o nombre geográfico como elemento de entrada cocodrilos
Subdivisión general conservación de especies
Subdivisión geográfica Colombia
650 04 - ASIENTO SECUNDARIO DE MATERIA - TERMINO TEMATICO
Término temático o nombre geográfico como elemento de entrada cocodrilos
Subdivisión general especies amenazadas
Subdivisión geográfica Colombia
650 04 - ASIENTO SECUNDARIO DE MATERIA - TERMINO TEMATICO
Término temático o nombre geográfico como elemento de entrada cocodrilos
Subdivisión general cria y desarrollo
650 04 - ASIENTO SECUNDARIO DE MATERIA - TERMINO TEMATICO
Término temático o nombre geográfico como elemento de entrada crocodylia
650 04 - ASIENTO SECUNDARIO DE MATERIA - TERMINO TEMATICO
Término temático o nombre geográfico como elemento de entrada crocodílios
700 ## - ASIENTO SECUNDARIO - NOMBRE PERSONAL
Nombre personal Lasso, Carlos A.
Término de relación ed.
700 ## - ASIENTO SECUNDARIO - NOMBRE PERSONAL
Nombre personal De la Ossa, Jaime
Término de relación ed.
700 ## - ASIENTO SECUNDARIO - NOMBRE PERSONAL
Nombre personal Fajardo-Patiño, Alirio
Término de relación ed.
700 ## - ASIENTO SECUNDARIO - NOMBRE PERSONAL
Nombre personal Morales-Betancourt, Mónica
Término de relación editora
942 ## - ELEMENTOS ADICIONALES (KOHA)
Sistema de clasificación Dewey Decimal Classification
Tipo de ítem Impreso
Koha issues (borrowed), all copies 3
Existencias
Withdrawn status Lost status Sistema de Clasificación Damaged status No para préstamo Colección Ubicación Permanente Ubicación actual Fecha de adquisición Total Checkouts Número topográfico Inventario / Código de Barras Date last seen Date checked out Ejemplar Price effective from Forma de adquisición Tipo de material Inventariado Fuente de Valor Valor
    Dewey Decimal Classification     Humboldt Bogotá Bogotá 29/01/2014 2 IAVH-597.98 M82b 059676 01/10/2014 18/09/2014 Ej. 1 29/01/2014 Institucional Libro      
    Dewey Decimal Classification     Humboldt Sala Fabio Quevedo Sala Fabio Quevedo 29/01/2014 1 IAVH-597.98 M82b 059675 22/09/2017 22/09/2017 Ej. 2 29/01/2014   Libro Inventariado 2017 Instituto 39000.00